• 首页
  • 本馆介绍
  • 公告通知
  • 最新文献
  • 馆藏检索
  • 电子资源
  • 读者导购
  • 参考咨询
  • 我的图书馆
  • 登录
  • 详细信息显示
  • 放入我的书架
  • 预约/预借图书
  • 作者相关作品
  • 分类相关作品
  • 丛书相关作品
  • 出版社相关作品

书目信息

  • 表格格式
  • 工作单格式
  • 卡片格式
题名:
鲁迅著译及研究资料目录
    
 
作者: ;南京图书馆 编
分册:  
出版信息:   不详  1981
页数: 80页
开本: 20cm
丛书名:
单 册:
中图分类: I210.93
科图分类:
主题词: 文学--作品集--中国
电子资源:
ISBN:
000 00569nam0 2200193 450
001 0632700906
005 20060802090810.90
010    @d不详
100    @a20060802d1981 km y0chiy0120 ea
101 0  @achi
200 1  @a鲁迅著译及研究资料目录@Alu xun zhu yi ji yan jiu zi liao mu lu@f南京图书馆编@Fnan jing tu shu guan bian
210    @c不详@d1981
215    @a80页@d20cm
300    @a纪念鲁迅诞辰一百周年
606 0  @a文学@x作品集@x中国
690    @aI210.93@v3
711  0 @a南京图书馆@Anan jing tu shu guan@4编
801  0 @aCN@bPFT@c20060802
905    @a10447@dI210.93@e216
    
    鲁迅著译及研究资料目录/南京图书馆编.-不详,1981
    80页;20cm
    纪念鲁迅诞辰一百周年
    
    ISBN :不详
    
●
相关链接 在E读中查询图书 在五车中查询图书 在当当中查询图书 在豆瓣中查询图书


正题名:鲁迅著译及研究资料目录     索取号:I210.93/216         预约/预借

序号 登录号 条形码 馆藏地/架位号 状态 备注
1 0428810   204288109   密集书库/ [索取号:I210.93/216] 在馆    
2 0428811   204288118   密集书库/ [索取号:I210.93/216] 在馆    
唐山师范学院图书馆 欢迎您!
大连网信软件有限公司© 版权所有